| 000 | 00324nam a2200121 i 4500 | ||
|---|---|---|---|
| 001 | bg | ||
| 245 | 0 |
_aPhysique des basses temperatures... / _cdirect. de la publ. C. DeWitt, B. Dreyfus, P.G. de Gennes. |
|
| 260 |
_aParis, _c1962. |
||
| 040 | _cBPK | ||
| 041 | _apol | ||
| 942 | _cKS | ||
| 008 | s pl f |000 0 pol | ||
| 999 |
_c9336 _d9336 |
||
| 856 |
_uhttp://koha.tu.koszalin.pl/cgi-bin/koha/opac-detail.pl?biblionumber=9336 _yKatalog online BPK |
||